000 00389cam a2200145ua 4500
041 _aeng
_h
082 _a828.09
_bLOF/CO
100 _aLoftis, John .
245 _aComedy and society from congreve to fielding /
_cJohn Lottis.
_hTextual Documents
260 _aCalifornia :
_bStanford University Press ,
_c1960.
300 _a154 ; .
504 _a
942 _cBK
999 _c8638
_d8638